Balkan Peninsula True or False - Statistics

General Stats
  • This quiz has been taken 59 times
  • The average score is 12 of 15
Answer Stats
Question Answer % Correct
The Ottoman Empire ruled over the Balkans for centuries True
100%
The Balkans were never part of the Roman Empire. False
96%
The Balkans have always been a peaceful and stable region. False
96%
The Balkans are known for their strong drinking culture. True
96%
All Balkan countries are members of the European Union False
91%
The Danube River flows through every Balkan country. False
87%
The Black Sea is located to the west of the Balkan Peninsula. False
78%
The Balkans are often called the "Powder Keg of Europe". True
78%
The Balkans were a major center of the Renaissance. False
74%
The Dinaric Alps are a major mountain range in the Balkans. True
74%
The Balkan Peninsula is named after the Balkan Mountain range in Bulgaria. True
74%
The Balkan Peninsula is the largest in Europe False
65%
The Balkan Peninsula is home to the highest peak in Europe, Mount Olympus. False
57%
The Balkans is home to the world's largest Orthodox cathedral. True
57%
The Balkans have the tallest flagpole in the European Union. True
43%
No matching quizzes found
Score Distribution
Percent of People with Each Score
Percentile by Number Answered
Your Score History
You have not taken this quiz